[Event "Moscow5-B"]
[Site "Moscow"]
[Date "1991.??.??"]
[Round "?"]
[White "Doghri, Nabil"]
[Black "Amidzic, Ognjen"]
[Result "1-0"]
[WhiteElo "2280"]
[BlackElo "2370"]

1.e4 e6 2.d4 d5 3.Nc3 Bb4 4.e5 Ne7 5.Bd2 Nf5 6.Nf3 b6 7.Bb5+ c6 8.Ba4 b5
9.Bb3 a5 10.a4 Ba6 11.Ne2 Bxd2+ 12.Qxd2 b4 13.O-O Nd7 14.Rfe1 Nb6 15.c3 Qe7
16.Bc2 Nc4 17.Qc1 bxc3 18.bxc3 O-O 19.Nf4 Rab8 20.Nd3 Nb6 21.Nc5 Bc4 22.Qf4 Nd7
23.Nxd7 Qxd7 24.g4 Ne7 25.h4 Rb2 26.Qc1 Rfb8 27.h5 c5 28.Rb1 Qb7 29.Rxb2 Qxb2
30.Qd2 Qa2 31.h6 Rb2 32.Qg5 Ng6 33.Qd8+ Nf8 34.Bxh7+ Kxh7 35.Qxf8 gxh6 36.Qxf7+ Kh8
37.Qf6+ Kh7 38.g5 Bd3 39.Qf7+ Kh8 40.gxh6 Rb7 41.Qxb7  1-0

[Event "Moscow6"]
[Site "Moscow"]
[Date "1991.??.??"]
[Round "?"]
[White "Pestov, Sergei M"]
[Black "Muratov, Vladimir A"]
[Result "1/2-1/2"]
[WhiteElo "2300"]
[BlackElo "2415"]

1.e4 e6 2.d4 d5 3.Nc3 Bb4 4.e5 Qd7 5.Nf3 b6 6.Bd2 Bxc3 7.Bxc3 Ne7 8.b4 Ba6
9.Bxa6 Nxa6 10.a4 c5 11.b5 Nc7 12.O-O O-O 13.Qd3 c4 14.Qd2 a6 15.a5 Nxb5
16.axb6 Rfb8 17.Ba5 Nc6 18.Rfb1 Nxa5 19.Qxa5 Qc6 20.h4 Rxb6 21.h5 h6 22.Qd2 Rab8
23.Kh1 Qe8 24.g4 Nxd4 25.Rxb6 Nxf3 26.Qb4 Rxb6 27.Qxb6 Qe7 28.Kg2 Nh4+ 29.Kg3 Qg5
30.f4 Nf5+ 31.Kf3 Nh4+ 32.Kg3  1/2-1/2

[Event "Niksic"]
[Site "Niksic"]
[Date "1991.??.??"]
[Round "1"]
[White "Cabrilo, Goran"]
[Black "Todorovic, Goran M"]
[Result "1/2-1/2"]
[WhiteElo "2490"]
[BlackElo "2490"]

1.e4 e6 2.d4 d5 3.Nc3 Bb4 4.e5 b6 5.Nh3 Ne7 6.a3 Bxc3+ 7.bxc3 Qd7 8.Nf4 Ba6
9.Bxa6 Nxa6 10.Nh5 Rg8 11.Qd3 Qa4 12.Qxh7 Kd7 13.Qd3 c5 14.Be3 cxd4 15.Bxd4 Nf5
16.O-O Rac8 17.Ng3 Ne7 18.Rfc1 Nb8 19.Nf1 Nbc6 20.Nd2 Nf5 21.Nf3 Rh8 22.Qd2 Rcg8
23.Rd1 Rh6 24.g3  1/2-1/2

[Event "NLD-ch"]
[Site "NLD"]
[Date "1991.??.??"]
[Round "8"]
[White "Nijboer, Friso"]
[Black "Brenninkmeijer, Joris"]
[Result "1-0"]
[WhiteElo "2465"]
[BlackElo "2525"]

1.e4 e6 2.d4 d5 3.Nc3 Bb4 4.e5 Qd7 5.Ne2 b6 6.Nf4 Ba6 7.Qg4 Bf8 8.Bxa6 Nxa6
9.Qe2 Nb8 10.O-O Nc6 11.Be3 O-O-O 12.a4 Kb7 13.Nd3 Na5 14.Nb1 Ne7 15.b3 h5
16.Nd2 Nf5 17.c3 Nc6 18.b4 a5 19.Nb3 Ra8 20.Rfb1 axb4 21.cxb4 Be7 22.Qd2 Rhb8
23.b5 Na7 24.Bf4 Rg8 25.Qc2 g5 26.Bd2 h4 27.Rc1 g4 28.Rab1 g3 29.fxg3 hxg3
30.h3 Rh8 31.a5 Rac8 32.Qa2 Nxb5 33.Qa4 Ra8 34.Bg5 Ba3 35.Rc5 Nfxd4 36.Nxd4 Rxa5
37.Qd1 Bxc5 38.Nxc5+ bxc5 39.Bd2 cxd4 40.Bxa5 c5 41.Qa4 Ka6 42.Bd8+  1-0

[Event "Scandic Cup"]
[Site "Odense"]
[Date "1991.??.??"]
[Round "4"]
[White "Borkowski, Franciszek"]
[Black "Stentebjerg Hansen, Per"]
[Result "1-0"]
[WhiteElo "2375"]
[BlackElo "2255"]

1.e4 e6 2.d4 d5 3.Nc3 Bb4 4.e5 Qd7 5.Qg4 Bf8 6.h4 h5 7.Qf4 b6 8.Bb5 c6 9.Ba4 Na6
10.Nce2 Bb7 11.Nf3 O-O-O 12.c3 Nc7 13.O-O Nh6 14.Ng3 Nf5 15.Nxf5 exf5 16.Bc2 g6
17.Qg3 Kb8 18.Bg5 Rc8 19.Bf6 Rg8 20.Rfe1 Ka8 21.b4 Bh6 22.a4 a6 23.Bg5 Bxg5
24.Nxg5 Rg7 25.a5 b5 26.Re3 Ne6 27.Nxe6 Qxe6 28.Rae1 Re8 29.Qg5 Rgg8 30.f3 Bc8
31.Kh2 Kb7 32.Kg3 Qd7 33.Kf2 Qc7 34.Rg1 Rh8 35.g3 Be6 36.Ree1 Rh7 37.Ke3 Qd7
38.Ref1 Qc7 39.Bd1 Reh8 40.Qf6 Qd7 41.Rh1 Rg8 42.Qg5 Rgh8 43.Kf4 Rf8 44.Ke3 Rfh8
45.Kf2 Rh6 46.Rfg1 R6h7 47.g4 hxg4 48.fxg4 fxg4 49.Bxg4 Bxg4 50.Qxg4 Qe7
51.Kg3 Rh5 52.Rf1 g5 53.Rf6 Rxh4 54.Rxh4 gxh4+ 55.Kh3 Rc8 56.Qg7 Rc7 57.Qg8 Ka7
58.Kxh4 Kb7 59.Kg3 Rd7 60.Rh6 Rd8 61.Qg7 Rc8 62.Rh7 Rc7 63.Kf4 Qe6 64.Qg8 Qc8
65.Qxc8+ Kxc8 66.Kf5  1-0

[Event "Oslo Cup"]
[Site "Oslo"]
[Date "1991.??.??"]
[Round "2"]
[White "Elseth, Roar"]
[Black "Ostenstad, Berge"]
[Result "0-1"]
[WhiteElo "2345"]
[BlackElo "2500"]

1.e4 e6 2.d4 d5 3.Nc3 Bb4 4.e5 Qd7 5.Bd2 Bxc3 6.Bxc3 b6 7.a4 a5 8.Bb5 c6
9.Bd3 Ba6 10.Qg4 f5 11.exf6 Nxf6 12.Qe2 O-O 13.Nf3 Bxd3 14.Qxd3 Qe8 15.O-O Nbd7
16.Rae1 Ne4 17.Nd2 Nd6 18.Re2 Rf6 19.Rfe1 Qf7 20.Qg3 Qe7 21.b3 Rg6 22.Qh3 Re8
23.Bb2 Qf7 24.Qd3 Qf4 25.g3 Qg4 26.Qf3 Qg5 27.Qg2 Nf5 28.Nf3 Qf6 29.Ba1 Qf8
30.h4 Qd6 31.h5 Rg4 32.Qh3 Nf6 33.Kg2 Re4 34.Bc3 Rxe2 35.Rxe2 Ne4 36.Be1 Qf8
37.Qg4 Qf6 38.c3 Qf8 39.Ne5 Qd6 40.Qf4 Rf8 41.Nd3 Qe7 42.Qe5 Qg5 43.Qxe6+ Kh8
44.Rxe4 dxe4 45.Qxe4 Qxh5 46.Ne5 Qd1 47.Nd7 Nd6 48.Qxc6 Re8 49.Qxd6 Qxe1
50.Qd5 h6 51.Nxb6 Rf8 52.Nd7 Rxf2+ 53.Kh3 Qf1+ 54.Kh4 Rh2+ 55.Kg4 Qe2+  0-1

[Event "Palma de Mallorca op"]
[Site "Palma de Mallorca"]
[Date "1991.??.??"]
[Round "?"]
[White "Reyes, Juan"]
[Black "Zlotnik, Boris A"]
[Result "1-0"]
[WhiteElo "2415"]
[BlackElo "2460"]

1.e4 e6 2.d4 d5 3.Nc3 Bb4 4.e5 Ne7 5.a3 Bxc3+ 6.bxc3 b6 7.Qg4 Kf8 8.Nh3 c5
9.Bd3 Ba6 10.Bxa6 Nxa6 11.O-O Rc8 12.Qe2 Nb8 13.a4 Nbc6 14.Rd1 Qc7 15.Ba3 Na5
16.Rd3 Kg8 17.Nf4 g6 18.g4 Qc6 19.Qd1 Qxa4 20.Bxc5 Qd7 21.Ba3 Kg7 22.Rh3 h6
23.Qf3 Ng8 24.Kh1 Nc4 25.Bc1 a5 26.Nd3 Qb5 27.Kg2 Rf8 28.Qe2 Qc6 29.Nf4 Qd7
30.Rg3 Rh7 31.h4 Qe7 32.h5 g5 33.Nd3 f6 34.f4 fxe5 35.fxg5 e4 36.Ne5 e3 37.Ng6 Qxg5
38.Nxf8 Kxf8 39.Bxe3 Qe7 40.Rf1+ Ke8 41.g5 hxg5 42.Bxg5 Qd7 43.h6 Nd6 44.Qh5+  1-0

[Event "Pamplona op"]
[Site "Pamplona"]
[Date "1991.??.??"]
[Round "?"]
[White "Fernandez Garcia, Jose L"]
[Black "Eingorn, Vereslav S"]
[Result "1/2-1/2"]
[WhiteElo "2455"]
[BlackElo "2575"]

1.e4 e6 2.d4 d5 3.Nc3 Bb4 4.e5 Ne7 5.Nf3 c5 6.dxc5 Nbc6 7.Bb5 Bxc5 8.O-O a6
9.Bxc6+ Nxc6 10.Ne2 O-O 11.Nf4 f6 12.Nd3  1/2-1/2

[Event "Paris-ch"]
[Site "Paris"]
[Date "1991.??.??"]
[Round "4"]
[White "Schabanel, Stephane"]
[Black "Praud, Jean Luc"]
[Result "1-0"]
[WhiteElo "2090"]
[BlackElo "2225"]

1.e4 e6 2.d4 d5 3.Nc3 Bb4 4.e5 Ne7 5.a3 Bxc3+ 6.bxc3 c5 7.Qg4 Qc7 8.Bd3 c4
9.Be2 O-O 10.Nf3 Nbc6 11.O-O f6 12.Bf4 Ng6 13.Bg3 Qa5 14.exf6 Rxf6 15.Be5 Ncxe5
16.dxe5 Rf4 17.Qh5 Bd7 18.Ng5 Rh4 19.Qf3 Rf8 20.Qe3 Ne7 21.g3 Nf5 22.Qd2 Rh6
23.Nf3 Be8 24.Rfd1 Bh5 25.Nd4 Nxd4 26.cxd4 Qxd2 27.Rxd2 c3 28.Bxh5 cxd2 29.Be2 g5
30.Bd3 g4 31.Rd1 Rh5 32.Rxd2 Rg5 33.c4 dxc4 34.Bxc4 Kf7 35.d5 Rd8 36.dxe6+ Ke7
37.Re2 Rd4 38.Ba2 Ra4 39.Rd2 Rxe5 40.Rd7+ Kf6 41.Rf7+ Kg5 42.h4+ Kh5 43.Rxh7+ Kg6
44.Rxb7 Re1+ 45.Kg2 Rxa3 46.Bd5 Kf6 47.h5 Raa1 48.Kh2 Kg5 49.e7 Kf6 50.h6 Re5
51.h7 Rh5+ 52.Kg2 Rah1 53.e8=N+ Ke5 54.Re7+ Kd4 55.Re4+ Kd3 56.Rxg4 R1h2+
57.Kg1 Ke2 58.Nf6 Rh6 59.Rh4 R2xh4 60.gxh4 Kd3 61.Kg2 Kd4 62.Kg3 a5 63.h5 a4  1-0

[Event "Paris-ch"]
[Site "Paris"]
[Date "1991.??.??"]
[Round "7"]
[White "Nepomiachty, Alexandre"]
[Black "Praud, Jean Luc"]
[Result "0-1"]
[WhiteElo "2150"]
[BlackElo "2225"]

1.e4 e6 2.d4 d5 3.Nc3 Bb4 4.e5 Ne7 5.a3 Bxc3+ 6.bxc3 c5 7.Nf3 Bd7 8.Rb1 Qc7
9.Be2 Ba4 10.Bb5+ Bxb5 11.Rxb5 cxd4 12.cxd4 b6 13.O-O Nbc6 14.Rb3 Na5 15.Rd3 Rc8
16.Ne1 Qc4 17.Bd2 Qa4 18.Qg4 Nf5 19.Qg5 Nc6 20.c3 h5 21.Rh3 Qxa3 22.Rxh5 Rxh5
23.Qxh5 g6 24.Qg4 Kd7 25.Nf3 Na5 26.Ng5 Qe7 27.g3 Nc4 28.Bc1 a5 29.Qd1 b5
30.Qb3 Rb8 31.Nh7 Kc6 32.Rd1 Qb7 33.Ng5 Qe7 34.Nf3 Ra8 35.Ne1 a4 36.Qa2 b4
37.cxb4 Qxb4 38.Qe2 Qc3 39.Bd2 Nxd4 40.Qd3 Qxd3 41.Nxd3 Nf3+ 42.Kf1 Nfxd2+
43.Ke2 Nb3 44.f4 Kb5 45.Rb1 Na5 46.Nc1 Rc8 47.Nxb3 Nxb3 48.Rb2 Kb4 49.Ke3 a3
50.Ra2 d4+ 51.Ke4 d3 52.g4 d2 53.Rxd2 Nxd2+ 54.Kd3  0-1

[Event "Porz op27"]
[Site "Porz"]
[Date "1991.??.??"]
[Round "5"]
[White "Vitolinsh, Alvis"]
[Black "Dokhoian, Yury"]
[Result "1/2-1/2"]
[WhiteElo "2425"]
[BlackElo "2540"]

1.e4 e6 2.d4 d5 3.Nc3 Bb4 4.e5 Ne7 5.a3 Bxc3+ 6.bxc3 c5 7.Qg4 O-O 8.Nf3 Nbc6
9.Bd3 f5 10.exf6 Rxf6 11.Bg5 e5 12.Qh4 e4 13.Bxf6 gxf6 14.Qxf6 exd3 15.cxd3 cxd4
16.Nxd4 Nxd4 17.Qxd4 Nc6 18.Qe3 d4 19.Qg3+ Kh8 20.O-O Bf5 21.cxd4 Qxd4 22.Qe3 Rd8
23.Rfe1 Qxd3 24.h3 Kg7 25.Qg5+ Bg6 26.Rad1 Qxd1 27.Rxd1 Rxd1+ 28.Kh2 h6 29.Qc5 Rd7
30.f4 Be4 31.f5 Kf6 32.Qe3 Kxf5 33.Qxh6 Rd3 34.Qh5+ Kf4 35.Qg4+ Ke5 36.h4 Nd4
37.h5 Nf5 38.Qg8 Rg3 39.Qh8+ Kf4 40.Qb8+ Kg4 41.Qg8+ Kh4 42.Qd8+ Kg4 43.Qd1+ Kg5
44.Qd8+ Kg4 45.Qd1+ Kg5 46.Qd8+ Kg4 47.Qd1+  1/2-1/2

[Event "Bohemians (Women)"]
[Site "Prague"]
[Date "1991.??.??"]
[Round "3"]
[White "Maskova, Jana"]
[Black "Grinfeld, Alla B"]
[Result "1-0"]
[WhiteElo "2245"]
[BlackElo "2225"]

1.e4 e6 2.d4 d5 3.Nc3 Bb4 4.e5 Ne7 5.a3 Bxc3+ 6.bxc3 b6 7.Qg4 Ng6 8.h4 h5
9.Qh3 Ba6 10.Bxa6 Nxa6 11.Bg5 Qd7 12.g4 hxg4 13.Qxg4 Qa4 14.Kd2 Nxe5 15.Qe2 Nc4+
16.Kd1 Nd6 17.Qe5 Nf5 18.h5 Kd7 19.Bd2 Nb8 20.Ne2 Nc6 21.Qf4 Nce7 22.Nc1 c5
23.Nd3 cxd4 24.Ne5+ Ke8 25.Qg4 Qb5 26.Kc1 dxc3 27.Bxc3 Rc8 28.Rb1 Qa6 29.Rb3 Rh7
30.Re1 d4 31.Bb4 Qb7 32.Rf3 Rc7 33.Bxe7 Rxe7 34.Nc4 Qc7 35.Ne5 Kf8 36.Nxf7  1-0

[Event "Bohemians (Women)"]
[Site "Prague"]
[Date "1991.??.??"]
[Round "11"]
[White "Maskova, Jana"]
[Black "Rogers, Catherine"]
[Result "1-0"]
[WhiteElo "2245"]
[BlackElo "2035"]

1.e4 e6 2.d4 d5 3.Nc3 Bb4 4.e5 Qd7 5.a3 Bxc3+ 6.bxc3 b6 7.Qg4 f5 8.exf6 Nxf6
9.Qh4 Ba6 10.Bxa6 Nxa6 11.Ne2 O-O-O 12.O-O Nb8 13.Qh3 Nc6 14.Qd3 Kb7 15.Bf4 Na5
16.Rfb1 Nc4 17.Nc1 Qf7 18.Nb3 Nd7 19.Qg3 Rc8 20.a4 Rhf8 21.Be3 Qf6 22.a5 h6
23.Re1 g5 24.a6+ Ka8 25.Nd2 Nd6 26.f3 Qe7 27.Re2 c5 28.dxc5 Nxc5 29.Qe1 Rfe8
30.Bd4 Qd7 31.Nb3 Nxb3 32.cxb3 Nb5 33.Be5 Rc6 34.Qd2 Qc8 35.Re3 Nc7 36.Qd3 Rf8
37.Qe2 Re8 38.h3 Re7 39.Bf6 Re8 40.Be5 Re7 41.Qd3 Qg8 42.c4 dxc4 43.Qe4 Qe8
44.bxc4 Kb8 45.Rd3 Kc8 46.Rad1  1-0

[Event "Santa Clara"]
[Site "Santa Clara"]
[Date "1991.??.??"]
[Round "2"]
[White "Hernandez, Gilberto"]
[Black "Vilela, Jose Luis"]
[Result "1-0"]
[WhiteElo "2525"]
[BlackElo "2440"]

1.e4 e6 2.d4 d5 3.Nc3 Bb4 4.e5 Ne7 5.a3 Bxc3+ 6.bxc3 c5 7.Nf3 Qa5 8.Qd2 Nbc6
9.a4 Bd7 10.Be2 Rc8 11.Ba3 cxd4 12.cxd4 Qxd2+ 13.Kxd2 Nf5 14.c3 Na5 15.Rhb1 h5
16.Bb4 Nc4+ 17.Ke1 f6 18.Nd2 Nxd2 19.Kxd2 fxe5 20.dxe5 Kf7 21.g3 g6 22.h3 Bc6
23.Bc5 d4 24.Bxd4 h4 25.g4 Nxd4 26.cxd4 g5 27.f4 gxf4 28.Rf1 Rhf8 29.Rxf4+ Kg7
30.Rxf8 Rxf8 31.Ke3 Bd5 32.Rc1 Rf7 33.a5 Bg2 34.Rg1 Bd5 35.Rf1 Rc7 36.Kd2 Be4
37.Bd3 Bxd3 38.Kxd3 Rc6 39.Rb1 Rc7 40.Ke4 Kg6 41.Rb3 Kg5 42.Rb5 Kh6 43.Ke3 Kg6
44.Rb1 Rd7 45.Kf4 Rf7+ 46.Ke4 Kg5 47.Rb2 Rf4+ 48.Ke3 Rf7 49.Rb3 Rc7 50.d5 Rc5
51.d6 Rxe5+ 52.Kd2  1-0

[Event "Santa Clara"]
[Site "Santa Clara"]
[Date "1991.??.??"]
[Round "8"]
[White "Diaz, Joaquin C"]
[Black "Vilela, Jose Luis"]
[Result "1/2-1/2"]
[WhiteElo "2430"]
[BlackElo "2440"]

1.e4 e6 2.d4 d5 3.Nc3 Bb4 4.e5 Ne7 5.a3 Bxc3+ 6.bxc3 c5 7.Nf3 Qa5 8.Qd2 Nbc6
9.Be2 Bd7 10.a4 f6 11.exf6 gxf6 12.dxc5 e5 13.c4 O-O-O 14.Qxa5 Nxa5 15.cxd5 Nxd5
16.Bd2 Nc6 17.c3 Rhg8 18.g3 Bg4 19.Nh4 Bxe2 20.Kxe2 Nce7 21.f4 exf4 22.c4 Ne3
23.Bxe3 fxe3 24.Rad1 Rg5 25.Rxd8+ Kxd8 26.Rd1+ Kc7 27.Kxe3 Rxc5 28.Kd3 Nc6
29.Nf3 Ra5 30.Ra1 Kd6 31.Kc3 b6 32.Nd4 Nxd4 33.Kxd4 Ke6 34.Kc3 Re5 35.Ra2 h5  1/2-1/2

[Event "UKR-chT"]
[Site "Simferopol"]
[Date "1991.??.??"]
[Round "?"]
[White "Sulipa, Aleksandar"]
[Black "Galakhov, S."]
[Result "0-1"]
[WhiteElo "2380"]
[BlackElo "2300"]

1.e4 e6 2.d4 d5 3.Nc3 Bb4 4.e5 Qd7 5.a3 Bxc3+ 6.bxc3 b6 7.a4 Ne7 8.h4 Ba6
9.Bd3 Bxd3 10.cxd3 Nbc6 11.h5 h6 12.Ne2 Na5 13.Ba3 Rc8 14.O-O O-O 15.Rb1 Nb7
16.Ng3 c5 17.f4 f6 18.Ra1 Rf7 19.dxc5 fxe5 20.fxe5 Rxf1+ 21.Nxf1 Nxc5 22.Bc1 d4
23.c4 Rf8 24.Nh2 Nc6 25.Ng4 Kh7 26.a5 Qf7 27.axb6 axb6 28.Rb1 Qxh5 29.Ba3 Nxe5
30.Nxe5 Qxe5 31.Rxb6 Qe3+ 32.Kh2 Qf4+ 33.Kh3 Qe3+ 34.Kh2 Rf4 35.Qh5 Nxd3
36.Bd6  0-1

[Event "Belavenets mem op"]
[Site "Smolensk"]
[Date "1991.??.??"]
[Round "?"]
[White "Filipenko, Alexander V"]
[Black "Kosikov, Alexey I"]
[Result "0-1"]
[WhiteElo "2370"]
[BlackElo "2420"]

1.e4 e6 2.d4 d5 3.Nc3 Bb4 4.e5 Ne7 5.a3 Bxc3+ 6.bxc3 c5 7.Qg4 O-O 8.Bd3 Qa5
9.Bd2 f5 10.exf6 Rxf6 11.Qh5 Nf5 12.dxc5 g6 13.Qg5 Nd7 14.Bxf5 Rxf5 15.Qe7 Qxc5
16.Qxe6+ Rf7 17.Nf3 Nf6 18.Qe2 Re7 19.Ne5 Bg4 20.f3 Rae8 21.Bf4 Qxc3+ 22.Kf2 Ne4+  0-1

[Event "Rilton Cup"]
[Site "Stockholm"]
[Date "1991.??.??"]
[Round "5"]
[White "Hartman, Christer"]
[Black "Johansson, Carl Fredrik"]
[Result "0-1"]
[WhiteElo "2345"]
[BlackElo "2210"]

1.e4 e6 2.d4 d5 3.Nc3 Bb4 4.e5 Qd7 5.a3 Bxc3+ 6.bxc3 b6 7.Qg4 f5 8.Qg3 Ba6
9.Bxa6 Nxa6 10.Ne2 Nb8 11.Nf4 Qf7 12.Nxe6 Qxe6 13.Qxg7 Qg6 14.Qxh8 Nd7 15.h4 O-O-O
16.h5 Qxg2 17.Rh4 Ngf6 18.Qxd8+ Kxd8 19.exf6 Nxf6 20.Rf4 Nxh5 21.Rh4 Kc8
22.Rxh5 Qg1+ 23.Ke2 Qg4+ 24.f3 Qxh5 25.Bf4 Qg6 26.Rf1 c5 27.Rf2 cxd4 28.cxd4 Qc6
29.Kd2 Qa4 30.Be5 Qxa3 31.Rg2 Qxf3 32.Rg8+ Kb7 33.Rg7+ Ka6 34.Rxh7 f4 35.Kc1 Qe3+
36.Kb2 f3  0-1

[Event "SWZ-chT"]
[Site "?"]
[Date "1991.??.??"]
[Round "?"]
[White "Glauser, Hansruedi"]
[Black "Leuba, Didier"]
[Result "1/2-1/2"]
[WhiteElo "2325"]
[BlackElo "2295"]

1.e4 e6 2.d4 d5 3.Nc3 Bb4 4.e5 Ne7 5.a3 Bxc3+ 6.bxc3 c5 7.Nf3 Nbc6 8.Bd3 Qa5
9.Bd2 c4 10.Be2 Bd7 11.Ng5 h6 12.Nh3 O-O-O 13.O-O f6 14.f4 f5 15.a4 Rdg8
16.Qc1 Kb8 17.Rd1 Nc8 18.Qa3 Rh7 19.Rab1 Nd8 20.Rb4 Bc6 21.Rdb1 Nf7 22.Nf2 g5
23.Nd1 Rhg7 24.Bf3 Qc7 25.a5 Ka8 26.R4b2 Qe7 27.Qxe7 Nxe7 28.Ra2 gxf4 29.Bxf4 Ng6
30.Bg3 Ng5 31.Kf1 Ne4 32.Be1 Nf4 33.Ne3 Ng5 34.Bd1 Ne4 35.Bf3 Ng5 36.Bd1 Ne4
37.Bf3  1/2-1/2

[Event "SWZ-chT"]
[Site "?"]
[Date "1991.??.??"]
[Round "?"]
[White "Gallagher, Joseph G"]
[Black "Maier, Christian"]
[Result "1-0"]
[WhiteElo "2520"]
[BlackElo "2335"]

1.e4 e6 2.d4 d5 3.Nc3 Bb4 4.e5 Ne7 5.a3 Bxc3+ 6.bxc3 c5 7.Qg4 cxd4 8.Qxg7 Rg8
9.Qxh7 Qc7 10.Ne2 Nbc6 11.f4 Bd7 12.Qd3 dxc3 13.Nxc3 a6 14.Ne2 Na7 15.Bd2 Rc8
16.Rb1 Bb5 17.Qc3 Qd8 18.Qe3 Nac6 19.Ng3 d4 20.Qe4 Bxf1 21.Rxf1 b5 22.Nh5 Nd5
23.f5 Qc7 24.fxe6 fxe6 25.Nf6+ Nxf6 26.exf6 Kd7 27.Qh7+ Kd6 28.f7 Rh8 29.Qg7 Kd5
30.Rb3 Qe5+ 31.Qxe5+ Nxe5 32.Bb4 Nxf7 33.Rxf7 Rxc2 34.Rf2 Rc1+ 35.Kd2 Rhc8
36.Rb2 e5 37.Rf8 Rg1 38.Rxc8  1-0

[Event "Torcy op"]
[Site "Torcy"]
[Date "1991.??.??"]
[Round "?"]
[White "Bouaziz, Slim"]
[Black "Kosten, Anthony C"]
[Result "1-0"]
[WhiteElo "2380"]
[BlackElo "2515"]

1.e4 e6 2.d4 d5 3.Nc3 Bb4 4.e5 Qd7 5.Qg4 f5 6.Qh5+ g6 7.Qh3 b6 8.a3 Bxc3+
9.bxc3 Ba6 10.Bxa6 Nxa6 11.a4 Nb8 12.Ne2 Nc6 13.Nf4 Nge7 14.Qh4 O-O 15.Qg5 Rf7
16.h4 Raf8 17.h5 Na5 18.hxg6 hxg6 19.Nxg6 Nxg6 20.Qxg6+ Rg7 21.Qh5 Rh7 22.Bh6 Rff7
23.Qg6+ Kh8 24.Ke2  1-0

[Event "Vienna op"]
[Site "Vienna"]
[Date "1991.??.??"]
[Round "6"]
[White "Ernst, Thomas"]
[Black "Schmidt, Peter"]
[Result "1-0"]
[WhiteElo "2525"]
[BlackElo "2405"]

1.e4 e6 2.d4 d5 3.Nc3 Bb4 4.e5 Ne7 5.a3 Bxc3+ 6.bxc3 c5 7.Qg4 O-O 8.Bd3 f5
9.exf6 Rxf6 10.Bg5 Rf7 11.Qh5 g6 12.Qd1 Nbc6 13.Nf3 Qa5 14.Bd2 Qc7 15.O-O e5
16.Ng5 Rf8 17.c4 e4 18.cxd5 exd3 19.dxc6 Qxc6 20.cxd3 Bf5 21.Re1 Rae8 22.Rc1 Qb5
23.Rxc5 Qxd3 24.Rce5 Qxd4 25.Qb3+ Kh8 26.Rxe7  1-0

[Event "Vrnjacka Banja"]
[Site "Vrnjacka Banja"]
[Date "1991.??.??"]
[Round "7"]
[White "Mitkov, Nikola"]
[Black "Drasko, Milan"]
[Result "1/2-1/2"]
[WhiteElo "2370"]
[BlackElo "2500"]

1.e4 e6 2.d4 d5 3.Nc3 Bb4 4.e5 Qd7 5.Qg4 f5 6.Qg3 b6 7.Nf3 Ba6 8.Bxa6 Nxa6
9.O-O h6 10.h4 Bxc3 11.bxc3 Qf7 12.a4 Ne7 13.Ba3 Nc6 14.c4 dxc4 15.d5 exd5
16.e6 Qf6 17.e7 Nxe7 18.Rfe1 c5 19.Re5 O-O 20.Rae1 f4 21.Qg4 Nf5 22.Rxd5 Nc7
23.Rd7 Ne6 24.Re5 Ned4 25.Bb2 c3 26.Bxc3 Rf7 27.Rxf7 Qxf7 28.Qxf4 Rf8 29.Qg4 Nxf3+
30.Qxf3 Nd4 31.Qxf7+ Rxf7 32.a5 Nxc2 33.Re8+ Kh7 34.Rb8 bxa5 35.Bxa5 Nd4
36.Rc8 Ne2+ 37.Kf1 Ng3+ 38.Ke1 Re7+ 39.Kd1 Ne4 40.f3 Rd7+ 41.Kc2 Nd6 42.Rxc5 Nb7
43.Re5 Nxa5 44.Rxa5 Rd4 45.Rxa7 Rxh4 46.Kd3  1/2-1/2

[Event "Waldshut BM"]
[Site "Waldshut"]
[Date "1991.??.??"]
[Round "7"]
[White "Pfrommer, Christoph"]
[Black "Maier, Christian"]
[Result "1/2-1/2"]
[WhiteElo "2300"]
[BlackElo "2335"]

1.e4 e6 2.d4 d5 3.Nc3 Bb4 4.e5 Ne7 5.a3 Bxc3+ 6.bxc3 c5 7.Qg4 cxd4 8.Qxg7 Rg8
9.Qxh7 Qc7 10.Ne2 Nbc6 11.f4 Bd7 12.Qd3 dxc3 13.Nxc3 a6 14.Ne2 Na7 15.Qc3 Qxc3+
16.Nxc3 Rc8 17.Bd2 Nf5 18.Kf2 Nb5 19.Bxb5 axb5 20.Ra2 Bc6 21.Ne2 d4 22.Rg1 Rd8
23.g4 Ne3 24.Bxe3 dxe3+ 25.Kxe3 Rh8 26.Nd4 Rxh2 27.Nxc6 bxc6 28.a4 b4 29.Rb1 c5
30.a5 Rh3+ 31.Ke2 Rh2+ 32.Ke3 Rh3+ 33.Ke2  1/2-1/2

[Event "Zalakaros op"]
[Site "Zalakaros"]
[Date "1991.??.??"]
[Round "6"]
[White "Fogarasi, Tibor"]
[Black "Portisch, Ferenc"]
[Result "1-0"]
[WhiteElo "2410"]
[BlackElo "2390"]

1.e4 e6 2.d4 d5 3.Nc3 Bb4 4.e5 Ne7 5.a3 Bxc3+ 6.bxc3 c5 7.Qg4 O-O 8.Bd3 Nd7
9.Nf3 f5 10.Qh3 Nb6 11.Rg1 c4 12.Be2 Na4 13.g4 f4 14.Ng5 h6 15.Nf3 Qe8 16.g5 hxg5
17.Rxg5 Nxc3 18.Rh5 Ne4 19.Rh8+ Kf7 20.Qh5+ Ng6 21.Rh7 Kg8 22.Nh4 Ng5 23.Qxg5 Kxh7
24.Qh5+ Kg8 25.Nxg6 Rf5 26.Qh8+ Kf7 27.Qxe8+  1-0

[Event "Zuerich op"]
[Site "Zuerich"]
[Date "1991.??.??"]
[Round "5"]
[White "Winterstein, Wolfgang"]
[Black "Illi, Hans Joerg"]
[Result "1-0"]
[WhiteElo "2280"]
[BlackElo "2275"]

1.e4 e6 2.d4 d5 3.Nc3 Bb4 4.e5 b6 5.a3 Bxc3+ 6.bxc3 Qd7 7.Qg4 f5 8.Qh5+ Qf7
9.Qf3 Nc6 10.h4 Bb7 11.Nh3 O-O-O 12.Bd3 Na5 13.Ng5 Qe7 14.Nxe6  1-0

[Event "Altensteig"]
[Site "Altensteig"]
[Date "1992.??.??"]
[Round "6"]
[White "Vogt, Lothar"]
[Black "Kindermann, Stefan"]
[Result "0-1"]
[WhiteElo "2530"]
[BlackElo "2505"]

1.e4 e6 2.d4 d5 3.Nc3 Bb4 4.e5 Ne7 5.a3 Bxc3+ 6.bxc3 c5 7.Nf3 b6 8.a4 Ba6
9.Bb5+ Bxb5 10.axb5 Qc7 11.O-O O-O 12.c4 dxc4 13.dxc5 bxc5 14.Qd6 Nd5 15.Ra4 Qxd6
16.exd6 Nd7 17.Rxc4 Rfb8 18.Rh4 Nc3 19.Re1 Nxb5 20.Bf4 Rb6 21.Rd1 f6 22.Be3 Rxd6
23.Ra1 e5 24.Rha4 a6 25.Nd2 Nd4 26.Nc4 Re6 27.R4a2 Nb6 28.Na5 Nd5 29.Rb2 Rb6
30.Rxb6 Nxb6 31.Ra2 Nd5 32.Rb2 Rd8 33.Kf1 Nc3 34.g3 Nd1 35.Ra2 Nc3 36.Rb2 h5
37.Nc4 Nd1 38.Ra2 Ra8 39.Ra5 Nxe3+ 40.Nxe3 Ne6 41.c3 Kf8 42.Ke2 Ra7 43.h4 Ke7
44.Kf3 Kd6 45.Ke4 g6 46.Nc4+ Kc6 47.f3 Re7 48.g4 Nc7 49.Ra1 hxg4 50.fxg4 Rh7
51.Rh1 Nb5 52.Na5+ Kd6 53.Kd3 f5 54.gxf5 gxf5 55.h5 e4+ 56.Kd2 Ke5 57.h6 Nd6
58.Nc6+ Kf6 59.Ke3 Nf7 60.Ra1 Rxh6 61.Rxa6 Rh3+ 62.Kf4 Rf3+  0-1

[Event "Altensteig"]
[Site "Altensteig"]
[Date "1992.??.??"]
[Round "8"]
[White "Brunner, Lucas"]
[Black "Kindermann, Stefan"]
[Result "0-1"]
[WhiteElo "2490"]
[BlackElo "2505"]

1.e4 e6 2.d4 d5 3.Nc3 Bb4 4.e5 Ne7 5.a3 Bxc3+ 6.bxc3 c5 7.h4 Qc7 8.Nf3 b6
9.h5 h6 10.Bb5+ Bd7 11.Bd3 Nbc6 12.O-O O-O 13.Re1 f6 14.Bf4 cxd4 15.cxd4 Be8
16.exf6 Qxf4 17.fxe7 Rf6 18.Bb5 Nxe7 19.Bxe8 Rxe8 20.Qd3 Nf5 21.Re2 Nd6 22.Rae1 Nc4
23.a4 Re7 24.c3 Re8 25.Qc2 Qg4 26.Ne5 Nxe5 27.Rxe5 Ref8 28.R1e2 Rf5 29.Rxe6 Rg5
30.f3 Qxf3 31.R6e5 Qf1+ 32.Kh2 Rg4 33.R5e3 Qf4+ 34.Kg1 Rh4 35.Rh3 Rxh3 36.gxh3 Qg3+
37.Rg2 Qe1+ 38.Kh2 Rf1 39.Rxg7+ Kxg7 40.Qg6+ Kf8  0-1

[Event "Aruba"]
[Site "Aruba"]
[Date "1992.??.??"]
[Round "8"]
[White "Pliester, Leon"]
[Black "Kindermann, Stefan"]
[Result "0-1"]
[WhiteElo "2355"]
[BlackElo "2505"]

1.e4 e6 2.d4 d5 3.Nc3 Bb4 4.e5 Ne7 5.a3 Bxc3+ 6.bxc3 c5 7.h4 Qc7 8.Nf3 b6
9.Bb5+ Bd7 10.Bd3 Ba4 11.h5 h6 12.O-O Nd7 13.Bd2 O-O-O 14.Qb1 Nc6 15.Bb5 Bxb5
16.Qxb5 Na5 17.Rfb1 Qc6 18.Qa6+ Qb7 19.Qd3 Kb8 20.a4 Ka8 21.Bc1 Rc8 22.Nd2 Qc6
23.Qf3 f6 24.exf6 Nxf6 25.Nb3 Nxb3 26.cxb3 Ne4 27.Qd3 c4 28.bxc4 Qxc4 29.Qxc4 Rxc4
30.a5 Kb7 31.axb6 axb6 32.Bf4 Rf8 33.g3 Nxc3 34.Re1 Re8 35.Be5 Re7 36.Bd6 Rd7
37.Rxe6 Rc6 38.Bb4 Rxe6 39.Bxc3 Re2 40.Bb4 Rf7 41.f4 Rc7 42.Rb1 Rcc2 43.Bc5 Rb2
44.Rxb2 Rxb2 45.Bf8 b5  0-1

[Event "Bad Woerishofen op"]
[Site "Bad Woerishofen"]
[Date "1992.??.??"]
[Round "3"]
[White "Maus, Soenke"]
[Black "Dokhoian, Yury"]
[Result "1-0"]
[WhiteElo "2385"]
[BlackElo "2545"]

1.e4 e6 2.d4 d5 3.Nc3 Bb4 4.e5 Ne7 5.Bd2 c5 6.dxc5 Nbc6 7.f4 Bxc5 8.Nf3 a6
9.Bd3 b5 10.Qe2 Bb7 11.O-O-O Qb6 12.Kb1 h6 13.a3 Qa7 14.Na2 Nf5 15.Bxf5 exf5
16.Qd3 g6 17.Rhe1 O-O-O 18.e6 d4 19.exf7 Ba8 20.Qb3 Rhf8 21.Bb4 Bxb4 22.Nxb4 Qxf7
23.Qxf7 Rxf7 24.Nxa6 Re7 25.Nc5 Rde8 26.Rxe7 Rxe7 27.Nb3 Re2 28.Rd2 Rxd2
29.Nbxd2 Kd7 30.Kc1 Kd6 31.Kd1 Bb7 32.b4 Nd8 33.Nxd4 Bxg2 34.Nxb5+ Kc6 35.Nd4+ Kd5
36.c3 Nc6 37.Nxc6 Kxc6 38.h4 Kb5 39.Kc2 Ka4 40.Kb2  1-0

[Event "Bad Woerishofen op"]
[Site "Bad Woerishofen"]
[Date "1992.??.??"]
[Round "5"]
[White "Maus, Soenke"]
[Black "Hansen, Lars Bo"]
[Result "1/2-1/2"]
[WhiteElo "2385"]
[BlackElo "2535"]

1.e4 e6 2.d4 d5 3.Nc3 Bb4 4.e5 Ne7 5.Bd2 b6 6.Nf3 Qd7 7.Ne2 Bxd2+ 8.Qxd2 Ba6
9.Ng3 Bxf1 10.Nxf1 c5 11.c3 cxd4 12.cxd4 Nbc6 13.Ne3 Rc8 14.O-O O-O 15.Rac1 Na5
16.b3 Rxc1 17.Rxc1 Rc8 18.h3 Nac6 19.Kh2 a5 20.Ng4 Nf5 21.Qg5 Kf8 22.Nf6 gxf6
23.Qxf6 Kg8 24.Qg5+ Kf8 25.Qf6 Kg8 26.Qg5+ Kf8 27.Qf6  1/2-1/2